[Event "Klubbmesterskapet 2019 (A)"]
[Site "Ås, Akershus NOR"]
[Date "2019.01.10"]
[Round "1"]
[White "Lund, Petter"]
[Black "Kielland-Lund, Jon"]
[Result "0-1"]
[WhiteElo "1649"]
[BlackElo "1674"]
[Annotator "Stockfish 9 64 (40m)"]
[PlyCount "106"]
[EventDate "2019.01.10"]

{A25: English Opening vs King's Indian with ...Nc6 but without early d3} 1. c4
e5 2. Nc3 Nc6 3. g3 Nf6 4. Bg2 Bb4 5. Nd5 Nxd5 6. cxd5 Ne7 {last book move} 7.
a3 (7. Nf3 e4 8. Nd4 c6 $11) 7... Bc5 (7... Ba5 8. b4 Bb6 9. Bb2 $11) 8. e3 {
Consolidates d4} (8. Nf3 Nxd5 9. Nxe5 Nb6 $11) 8... d6 9. b4 (9. Ne2 Bb6 $11)
9... Bb6 10. Bb2 (10. a4 a5 11. b5 O-O $11) 10... O-O (10... a5 11. d4 axb4 12.
axb4 Rxa1 13. Bxa1 $15) 11. d4 f6 12. Ne2 (12. a4 a5 13. b5 Qe8 $11) 12... Bg4
(12... a5 13. bxa5 Bxa5+ 14. Bc3 $11) 13. O-O (13. a4 a5 14. b5 Ng6 $11) 13...
exd4 (13... a5 14. h3 Bh5 15. b5 $11) 14. f3 {White threatens to win material:
f3xg4} (14. Bxd4 Bxd4 15. exd4 Qd7 $11) 14... Nxd5 {Sacrifices material} (14...
Bh5 $142 15. Bxd4 Nxd5 $11) 15. Qb3 $4 {letting the wind out of his own sails}
(15. fxg4 Nxe3 16. Qd3 $11) 15... Be6 $19 16. Bxd4 $4 {shortens the misery for
White} (16. Nxd4 Bf7 17. e4 Ne7 $19) 16... Nf4 $1 {Discovered attack: d5, e6-b3
} 17. Qc2 (17. Nxf4 Bxb3 {Discovered attack}) (17. exf4 Bxd4+ {Double attack} (
17... Bxb3 {Discovered attack})) (17. gxf4 Bxb3 {Discovered attack}) (17. --
$140 Nxe2+ {Wins material}) 17... Nxg2 (17... Nxe2+ 18. Qxe2 c5 19. Bc3 $17)
18. Kxg2 Qd7 19. Rfd1 (19. Nf4 Bf7 $17) 19... Qf7 20. Rd2 (20. Re1 $17) 20...
Rfd8 (20... c5 21. Bc3 Rae8 22. bxc5 dxc5 23. e4 $17) 21. Rc1 $2 (21. a4 Bb3
22. Qc1 Bc4 $17) 21... Bb3 $4 {Black threatens to win material: Bb3xc2. a
transit from better to worse} (21... c5 22. bxc5 dxc5 $19) 22. Qc3 $17 c6 23.
Bxb6 (23. e4 Bc7 $17) 23... axb6 {Black has new doubled pawns: b6+b7} 24. Rb2 (
24. Nd4 Be6 $17) 24... Ba4 (24... Be6 25. b5 c5 26. Nf4 $17) 25. Nd4 (25. h4
Rd7 $17) 25... d5 26. Re1 (26. Qd3 Qe7 $17) 26... Re8 27. Nf5 (27. Rbb1 Rac8
$19) 27... Qe6 28. g4 (28. Nd4 Qd6 $19) 28... Qe5 (28... g6 29. Ng3 $17) 29.
Nd4 (29. Qxe5 $5 fxe5 30. h4 $17) 29... Rac8 $19 30. Qd2 (30. f4 Qc7 $19) 30...
c5 31. bxc5 bxc5 32. Nf5 b5 (32... Bc6 $142 {keeps an even firmer grip} 33. Rc2
b6 34. Ng3 $19) 33. Ng3 $2 (33. Rc1 h5 $1 {Deflection: f5} 34. h3 hxg4 35. hxg4
g6 $19) 33... g6 (33... c4 $142 $5 {makes it even easier for Black} 34. f4 Qe6
35. Rc1 Qxe3 36. Qxe3 Rxe3 37. Nf5 $19) 34. f4 $2 (34. Rc1 $5 $19) 34... Qe6
35. f5 Qe5 36. h4 $2 (36. Rc1 $19) 36... Kg7 (36... c4 {seems even better} 37.
Rbb1 c3 38. Qf2 $19) 37. Rh1 $4 {leading to a quick end} (37. fxg6 $142 hxg6
38. h5 $19) 37... c4 $19 38. Qd4 (38. Qf2 {hardly improves anything} c3 39. Re2
c2 $19) 38... Qxd4 (38... c3 $142 {and Black has reached his goal} 39. Rf2 c2
40. Rc1 Qxe3 41. fxg6 Qxd4 42. Nf5+ Kxg6 43. Nxd4 $19) 39. exd4 c3 40. Rbb1 (
40. Re2 {otherwise it's curtains at once} Rxe2+ 41. Nxe2 $19) 40... c2 41. Rbc1
(41. Ra1 {doesn't get the bull off the ice} Rc4 $19) 41... Rc3 42. fxg6 (42.
Kf2 {cannot change what is in store for White} Rxa3 43. h5 Ree3 44. h6+ Kg8 $19
) 42... hxg6 43. h5 (43. Kf2 {a fruitless try to alter the course of the game}
Rxa3 44. Ne2 b4 $19) 43... Ree3 44. Rh3 (44. Nf1 {desperation} Re2+ 45. Kg1 $19
) 44... Red3 45. hxg6 Kxg6 46. Ne2 Rxh3 47. Nf4+ Kf7 48. Nxh3 Rd3 49. Nf2 Rxd4
50. Kf3 Rd1 51. Rxc2 Bxc2 52. Nxd1 (52. Ke3 {is not the saving move} d4+ 53.
Ke2 d3+ 54. Ke3 Re1+ 55. Kd4 Re2 56. Nxd3 Rd2 57. Kc5 Rxd3 58. Kxb5 Rd4 59. Kc5
Rxg4 60. Kd6 Ba4 61. Kd5 Ke7 62. Kc5 Ke6 63. Kb6 Kd6 64. Kb7 Rg5 65. Kb6 Rb5+
66. Ka7 Kc6 67. Ka6 Kc7 68. Ka7 Ra5#) 52... Bxd1+ 53. Kf4 (53. Ke3 {doesn't do
any good} Ke6 54. Kf4 Be2 55. g5 fxg5+ 56. Ke3 Bh5 57. Kf2 Ke5 58. Ke3 d4+ 59.
Kd2 g4 60. a4 bxa4 61. Kc1 g3 62. Kb1 g2 63. Ka1 g1=Q+ 64. Kb2 Qd1 65. Ka2 Qb3+
66. Ka1 Qa3+ 67. Kb1 Bg6#) 53... Kg6 (53... Kg6 54. Kg3 d4 55. Kf4 Bc2 56. Kf3
d3 57. Ke3 Kf7 58. Kd2 Ke6 59. Kc3 Kd5 60. a4 bxa4 61. g5 fxg5 62. Kb2 a3+ 63.
Kc1 a2 64. Kb2 Kd4 65. Ka1 d2 66. Kb2 d1=Q 67. Ka3 a1=R+ 68. Kb2 Qb1#) (53...
Ke6 54. g5 fxg5+ 55. Ke3 Bh5 56. Kf2 Ke5 57. Ke3 d4+ 58. Kd2 g4 59. a4 bxa4 60.
Kc1 g3 61. Kb1 g2 62. Ka1 g1=Q+ 63. Kb2 Qg3 64. Kb1 Bg6+ 65. Kc1 Qc3+ 66. Kd1
Bh5#) 0-1

[Event "Klubbmesterskapet 2019 (A)"]
[Site "Ås, Akershus NOR"]
[Date "2019.01.10"]
[Round "1"]
[White "Furnes, Torstein"]
[Black "Bø, Martin"]
[Result "1/2-1/2"]
[WhiteElo "1772"]
[BlackElo "1729"]
[PlyCount "52"]
[EventDate "2019.01.10"]

1. d4 Nf6 2. c4 e6 3. Nc3 Bb4 4. Qc2 c5 5. dxc5 Na6 6. a3 Bxc3+ 7. Qxc3 Nxc5 8.
Nf3 O-O 9. Bf4 b6 10. e3 Bb7 11. Be2 d5 12. O-O Nce4 13. Qd4 dxc4 14. Qxd8
Rfxd8 15. Bxc4 Nd2 16. Nxd2 Rxd2 17. Be5 Bd5 18. Bxd5 Rxd5 19. Bxf6 gxf6 20.
Rfd1 Rad8 21. Rxd5 Rxd5 22. Kf1 Kg7 23. Ke2 f5 24. Rc1 Rd7 25. Rc2 Kf6 26. Kf3
Kg5 1/2-1/2

[Event "Klubbmesterskapet 2019 (A)"]
[Site "Ås, Akershus NOR"]
[Date "2019.01.10"]
[Round "1"]
[White "Andersen, Odd"]
[Black "Bakken, Svein-Erik"]
[Result "1-0"]
[WhiteElo "1724"]
[BlackElo "1621"]
[PlyCount "51"]
[EventDate "2019.01.10"]

1. e4 c5 2. Nf3 Nc6 3. c4 e6 4. d4 cxd4 5. Nxd4 a6 6. a3 Qc7 7. Nc3 Nf6 8. Be3
Be7 9. Rc1 d6 10. f3 O-O 11. Nd5 Qd8 12. Nxe7+ Nxe7 13. Bd3 Ng6 14. O-O Qe7 15.
Qd2 Bd7 16. Ne2 Rac8 17. Bb1 Rfd8 18. Bb6 Re8 19. Qd4 Rc6 20. b3 e5 21. Qe3 Nf4
22. Ba5 Nxe2+ 23. Qxe2 b6 24. Bd2 h6 25. Be3 Rec8 26. Rcd1 1-0

[Event "Klubbmesterskapet 2019 (A)"]
[Site "Ås, Akershus NOR"]
[Date "2019.01.10"]
[Round "1"]
[White "Moberg, Jan Rune"]
[Black "Olsen, Trygve"]
[Result "1-0"]
[WhiteElo "1661"]
[BlackElo "1501"]
[PlyCount "132"]
[EventDate "2019.01.10"]

1. d4 g6 2. Bg5 Bg7 3. e3 Nf6 4. Bd3 d5 5. Nd2 h6 6. Bh4 Nbd7 7. Rc1 e5 8. c3
e4 9. Bb1 c5 10. Ne2 O-O 11. Bg3 Re8 12. dxc5 Nxc5 13. Nb3 Nxb3 14. Qxb3 Nh5
15. h3 Nxg3 16. Nxg3 b6 17. O-O Qg5 18. Rcd1 Be6 19. Rd2 h5 20. Kh1 Be5 21. Ne2
d4 22. Qb5 d3 23. Ng1 Rac8 24. f3 exf3 25. Nxf3 Bc4 26. Nxg5 Bxb5 27. Rxf7 Rc7
28. Rxc7 Bxc7 29. b3 Rxe3 30. Nf3 Kg7 31. c4 Bc6 32. Bxd3 Bf4 33. Rd1 g5 34.
Bf1 g4 35. Nd4 Bd7 36. Nc2 Re7 37. hxg4 Bxg4 38. Re1 Kf6 39. Rxe7 Kxe7 40. Bd3
Kd6 41. Kg1 a5 42. Kf2 h4 43. Be4 Ke5 44. Bf3 Bf5 45. Ne3 Bb1 46. a3 Kd4 47.
Nd5 Bg3+ 48. Ke2 b5 49. cxb5 Bd3+ 50. Kd2 Bxb5 51. Nf6 Bf4+ 52. Kc2 Bd3+ 53.
Kb2 Be5 54. Ng4 Bg7 55. Ka2 Kc3 56. Ne3 a4 57. Nd1+ Kc2 58. Ne3+ Kc1 59. bxa4
Kd2 60. Nd5 Bc4+ 61. Kb1 Bb3 62. a5 Bc4 63. Be4 Bd3+ 64. Bxd3 Kxd3 65. a6 Bd4
66. Nc7 Be3 {Noteringsskjemaene blir umulig å tolke.} 1-0

[Event "Klubbmesterskapet 2019 (B)"]
[Site "Ås, Akershus NOR"]
[Date "2019.01.10"]
[Round "1"]
[White "Rønbeck, Bjørn"]
[Black "Yazdankhah, Siamak"]
[Result "1-0"]
[WhiteElo "1543"]
[BlackElo "1341"]
[PlyCount "61"]
[EventDate "2019.01.10"]

1. e4 e5 2. Nf3 Nc6 3. Bb5 Bd6 4. Nc3 Nf6 5. O-O O-O 6. Bxc6 dxc6 7. h3 h6 8.
d3 b5 9. Ne2 Re8 10. Ng3 c5 11. Nh4 b4 12. Nhf5 Nxe4 13. dxe4 Bxf5 14. Nxf5 Re6
15. Re1 Rg6 16. Re3 Bf8 17. Qe2 a5 18. Rd3 Qc8 19. Nh4 Re6 20. Rg3 g5 21. Nf5
Rg6 22. h4 Qd8 23. hxg5 hxg5 24. Qh5 Raa6 25. Bxg5 Rxg5 26. Rxg5+ Rg6 27. Rxg6+
fxg6 28. Qxg6+ Kh8 29. Qh5+ Kg8 30. Rd1 Qf6 31. Rd3 1-0

[Event "Klubbmesterskapet 2019 (B)"]
[Site "Ås, Akershus NOR"]
[Date "2019.01.10"]
[Round "1"]
[White "Røst, Stian"]
[Black "Simonsen, Steinar"]
[Result "0-1"]
[WhiteElo "1283"]
[BlackElo "1521"]
[PlyCount "112"]
[EventDate "2019.01.10"]

1. e4 e5 2. Nf3 Nc6 3. Bb5 d6 4. d4 Bd7 5. dxe5 Nxe5 6. Bxd7+ Nxd7 7. Nc3 Ngf6
8. O-O Be7 9. b3 O-O 10. Bb2 h6 11. Re1 c6 12. e5 dxe5 13. Nxe5 Nxe5 14. Rxe5
Qc7 15. Qe1 Bd6 16. Re2 Bxh2+ 17. Kh1 Bd6 18. Ne4 Nxe4 19. Rxe4 f6 20. Rd1 Rad8
21. Re6 Be5 22. Ba3 Rxd1 23. Qxd1 Rd8 24. Qg1 Qf7 25. Rxe5 fxe5 26. g3 Qf3+ 27.
Kh2 Rd1 28. Qg2 Qh5+ 29. Qh3 Rh1+ 30. Kxh1 Qxh3+ 31. Kg1 e4 32. Bc5 b6 33. Be3
Qg4 34. Kh2 Qe2 35. c4 Qxa2 36. c5 b5 37. b4 Qb1 38. Bd2 Qc2 39. Be3 g5 40. Kh3
Qb2 41. Kg4 Qxb4 42. Kh5 Kh7 43. g4 Qb3 44. Bxg5 Qf7+ 45. Kh4 hxg5+ 46. Kxg5
Qb3 47. Kf4 a5 48. Kxe4 a4 49. Ke5 Qd5+ 50. Kf4 a3 51. Kg3 a2 52. f3 a1=Q 53.
g5 Qg1+ 54. Kf4 Qf7+ 55. Ke4 Qe1+ 56. Kd4 Qd5# 0-1

[Event "Klubbmesterskapet 2019 (B)"]
[Site "Ås, Akershus NOR"]
[Date "2019.01.10"]
[Round "1"]
[White "Selboe, Øyvind W"]
[Black "Heien, Aksel"]
[Result "0-1"]
[WhiteElo "1493"]
[BlackElo "1247"]
[PlyCount "80"]
[EventDate "2019.01.10"]

1. e4 e5 2. Nf3 Nc6 3. Bc4 Nf6 4. d3 Bc5 5. Bg5 a5 6. Nc3 Bb4 7. O-O Bxc3 8.
bxc3 O-O 9. d4 d6 10. h3 Qe7 11. Re1 Na7 12. a4 c6 13. Rb1 Be6 14. Bxe6 fxe6
15. Bxf6 Rxf6 16. Rb6 Qc7 17. Qb1 Nb5 18. dxe5 dxe5 19. Nxe5 Qxb6 20. Re2 Qc7
21. Ng4 Nxc3 22. Nxf6+ gxf6 23. Qb3 Nxe2+ 24. Kf1 Nd4 25. Qc4 Qe5 26. c3 Rd8
27. cxd4 Rxd4 28. Qe2 Rxe4 29. Qd1 Re1+ 30. Qxe1 Qxe1+ 31. Kxe1 Kf7 32. Kd2 e5
33. Kc3 b6 34. Kc4 h5 35. f3 Ke6 36. g3 Kf5 37. Kd3 b5 38. axb5 cxb5 39. h4 a4
40. Kc3 e4 0-1

[Event "Klubbmesterskapet 2019 (B)"]
[Site "Ås, Akershus NOR"]
[Date "2019.01.10"]
[Round "1"]
[White "Stensland, Martin"]
[Black "Samset, Jon"]
[Result "0-1"]
[WhiteElo "1225"]
[BlackElo "1410"]
[PlyCount "58"]
[EventDate "2019.01.10"]

1. Nf3 Nf6 2. Nc3 g6 3. d3 d5 4. Bf4 a6 5. h3 Nc6 6. a3 Bg7 7. e3 O-O 8. Be2 b5
9. b4 Bb7 10. O-O d4 11. exd4 Nxd4 12. Nxd4 Qxd4 13. Bd2 Nd5 14. Rb1 Nxc3 15.
Bxc3 Qxc3 16. Rb3 Qe5 17. Bf3 Bxf3 18. Qxf3 Rfd8 19. Qd1 Qg5 20. Kh1 Rd4 21. c3
Rh4 22. Qf3 Rd8 23. c4 Rf4 24. Qc6 Be5 25. cxb5 axb5 26. Qxb5 Qf6 27. a4 c6 28.
Qb7 Rxf2 29. Rg1 Qf4 0-1

[Event "Klubbmesterskapet 2019 (B)"]
[Site "Ås, Akershus NOR"]
[Date "2019.01.10"]
[Round "1"]
[White "Thowsen, Alf Geir"]
[Black "Petersen, Rune J"]
[Result "0-1"]
[WhiteElo "1400"]
[BlackElo "1199"]
[PlyCount "34"]
[EventDate "2019.01.10"]

1. d4 d5 2. c4 e6 3. Nc3 Nf6 4. e3 Bb4 5. Bd2 Bxc3 6. Bxc3 Nc6 7. Nf3 O-O 8.
cxd5 exd5 9. Rc1 Ne4 10. Bd3 Bg4 11. h3 Bh5 12. Be2 Bxf3 13. Bxf3 Qh4 14. O-O
f5 15. Be1 Rf6 16. Be2 Rg6 17. f3 Qxh3 0-1

[Event "Klubbmesterskapet 2019 (A)"]
[Site "Ås, Akershus NOR"]
[Date "2019.01.17"]
[Round "2"]
[White "Kielland-Lund, Jon"]
[Black "Olsen, Trygve"]
[Result "1-0"]
[WhiteElo "1674"]
[BlackElo "1501"]
[PlyCount "61"]
[EventDate "2019.01.10"]

1. c4 c5 2. Nf3 e6 3. d4 cxd4 4. Nxd4 e5 5. Nb5 d6 6. N1c3 a6 7. Na3 h6 8. g3
Nf6 9. Bg2 Nc6 10. O-O Be6 11. Nd5 e4 12. Nxf6+ Qxf6 13. Bxe4 d5 14. cxd5 Rd8
15. Nc4 Nb4 16. Ne3 Bc5 17. Qb3 Bh3 18. Rd1 Rd6 19. a3 Nxd5 20. Bxd5 O-O 21.
Bd2 Rb6 22. Qc4 Rc8 23. Bc3 Qe7 24. Qe4 Be6 25. Nf5 Bxf5 26. Qxf5 Rf8 27. e3 g6
28. Qe5 Qxe5 29. Bxe5 Re8 30. Bc3 Re7 31. b4 1-0

[Event "Klubbmesterskapet 2019 (A)"]
[Site "Ås, Akershus NOR"]
[Date "2019.01.17"]
[Round "2"]
[White "Bakken, Svein-Erik"]
[Black "Moberg, Jan Rune"]
[Result "1/2-1/2"]
[WhiteElo "1621"]
[BlackElo "1661"]
[PlyCount "111"]
[EventDate "2019.01.10"]

1. d4 Nf6 2. c4 g6 3. Nc3 Bg7 4. e4 d6 5. Be2 O-O 6. f4 Nc6 7. Nf3 Bg4 8. Be3
Qe8 9. O-O e5 10. d5 Ne7 11. fxe5 dxe5 12. Qc2 Nc8 13. Bc5 Nd6 14. Nb5 Qe7 15.
Bd3 a6 16. Nc3 Rac8 17. Be3 c5 18. Na4 Nd7 19. Qf2 b6 20. h3 Bxf3 21. Qxf3 b5
22. cxb5 c4 23. Bc2 axb5 24. Nb6 Nxb6 25. Bxb6 f5 26. Qa3 f4 27. Bc5 Rf6 28.
Qb4 Qd7 29. a4 Nb7 30. Bf2 c3 31. axb5 Bf8 32. Qb3 Nc5 33. Bxc5 Bxc5+ 34. Kh1
cxb2 35. Ra6 Rxa6 36. bxa6 Bd4 37. Kh2 Qa7 38. d6+ Kg7 39. Qb7+ Qxb7 40. axb7
Rd8 41. Rf3 Ba7 42. Rb3 Bb8 43. Rxb2 Rxd6 44. Rb5 f3 45. Rd5 Rb6 46. gxf3 Rxb7
47. Kg3 Rb2 48. Ba4 Rb1 49. Rb5 Rg1+ 50. Kh2 Ra1 51. Rxb8 Rxa4 52. Rb5 Kf6 53.
h4 Ra2+ 54. Kg3 Ra3 55. Rb6+ Kg7 56. Rb5 1/2-1/2

[Event "Klubbmesterskapet 2019 (A)"]
[Site "Ås, Akershus NOR"]
[Date "2019.01.17"]
[Round "2"]
[White "Larsen, Jo Ingebrigt"]
[Black "Furnes, Torstein"]
[Result "1/2-1/2"]
[WhiteElo "1621"]
[BlackElo "1772"]
[Annotator "Furnes, Torstein"]
[PlyCount "53"]
[EventDate "2019.01.10"]

1. d4 d5 2. Bf4 Nf6 3. e3 e6 4. c3 Bd6 5. Bg3 O-O 6. Bd3 Nc6 7. Nf3 Re8 8. Ne5
Ne7 9. Nd2 c5 10. Ndf3 Ne4 11. Qc2 f5 12. Bh4 c4 13. Be2 Qc7 14. g4 fxg4 15.
Nxg4 Nf5 16. Rg1 Nxh4 17. Nxh4 Bxh2 18. O-O-O Bxg1 19. Rxg1 Rf8 20. f3 Ng3 21.
Ne5 Nxe2+ 22. Qxe2 Qe7 $2 $18 23. Qh2 $11 (23. Nhg6 $1 hxg6 24. Qh2 $1 {og
svart blir nødt til å ofre dronningen mot den sterke springeren på e5.} Qd6 (
24... Rf5 25. Nxg6 Qg5 (25... Qe8 26. Qh8+ Kf7 27. Ne5+ Ke7 28. Rxg7+ Rf7 29.
Qh4+ Kd6 (29... Kf8 30. Rg1 Rf5 31. Ng6+) 30. Rxf7) 26. Rxg5 Rxg5 27. Ne7+ Kf7
28. Qc7) 25. Rh1 Qxe5 26. Qh7+ Kf7 27. dxe5) 23... Bd7 $2 $18 ({Svart hadde
kun ett trekk som unngår tap:} 23... Rf6 $11) 24. f4 $17 (24. Nhg6 $1 {Igjen
fungerer springerofferet og denne gangen angir Fritz matt i maks 13 trekk. I
tillegg til at dronningen er angrepet, så truer hvit Dxh7+! fulgt av Th1+ og
Th8#. Hvis svart slår springeren, så følger} hxg6 25. Rh1 {med matt.}) 24... b5
$2 ({Svart måtte spille} 24... Be8 $17 {eller}) (24... Rf6 $11) 25. Nhf3 $17 (
25. Nhg6 $1 $18 {Springerofferet var fortsatt mulig, med mattangrep.}) 25... a5
26. Ng5 ({Fritz har fortsatt springeroffer på g6 som førstevalg, men denne
gangen er det ikke like avgjørende, selv om svart må ofre dronningen i
hovedvarianten.} 26. Ng6 $1 hxg6 27. Ng5 Qxg5 28. Rxg5 {og Fritz vurderer
hvits fordel til +1.7.}) 26... h6 27. Ng6 {Hvit får tilbake kvaliteten og
Fritz vurderer stillingen som ganske lik (-0.3). Begge spillerne har nå mindre
enn et halvt minutt igjen på klokken, og blir enige om remis.} 1/2-1/2

[Event "Klubbmesterskapet 2019 (A)"]
[Site "Ås, Akershus NOR"]
[Date "2019.01.17"]
[Round "2"]
[White "Lund, Petter"]
[Black "Lea, Per"]
[Result "0-1"]
[WhiteElo "1649"]
[BlackElo "1729"]
[Annotator "Lea,Per"]
[PlyCount "66"]
[EventDate "2019.01.10"]

1. c4 c5 2. Nc3 Nc6 3. Nf3 Nf6 4. e3 d5 ({De vanligste trekkene er} 4... e6) (
4... g6) (4... e5 {men det siste vurderte jeg aldri på grunn av den
etterhengende d-bonden}) 5. d4 (5. cxd5 Nxd5 6. Bb5 {ville jeg ikke likt å få
mot meg - men jeg så ikke denne muligheten under partiet. Etter} e6 {kan hvit
gi svart isolerte dobbeltbønder i c-linja, men Stockfish vurderer det til å
være ufarlig.}) 5... cxd4 (5... e6 {hadde vært mer solid, da ville vi etter
trekkomkastning kommet inn i en standardvariant.}) 6. Nxd4 (6. exd4 {er
vanligere - og bedre...}) 6... e6 ({Jeg vurderte lenge} 6... e5 {men kom til
at da kunne de svarte sentrumsbøndene bli svake. Etter} 7. Nxc6 (7. Nf3 d4 8.
exd4 exd4 9. Nd5 Nxd5 10. cxd5 Qxd5) 7... bxc6 8. cxd5 Nxd5 9. Nxd5 Qxd5 $14 {
er hvits fordel minimal} (9... cxd5 $2 10. Bb5+ Bd7 11. Qxd5 $16)) 7. Nxc6 {
tipper i svarts favør, men bare svakt.} (7. cxd5 Nxd5 (7... exd5 {gir svart en
isolert d-bonde, men det er nok ikke så farlig som jeg fryktet.}) 8. Nxd5 Qxd5
9. Nxc6 Qxc6 10. Bd2 {er omtrent likt}) 7... bxc6 8. cxd5 cxd5 (8... exd5 {
åpner riktig nok opp for løperen på c8, men jeg foretrekker å ha bøndene
samlet i 2 bondeøyer framfor 3.}) 9. Bb5+ Bd7 10. O-O Bd6 11. Qa4 a6 12. Bxd7+
Qxd7 13. Qxd7+ {går over i et sluttspill hvor svart trygt kan få en
sentralisert konge i stedet for å rokere og ha en litt malplassert springer på
d7.} Kxd7 14. f3 Rab8 15. Rb1 Rhc8 16. Na4 $4 Rc2 {Mekanisk spilt. "Tårnet på
2. raden (eller 7. raden" er innprentet siden de sjakklge barneskoene ble
tråkket.} (16... Rc4 {med en gang var nok bedre. Hvit har neppe noe bedre enn}
17. b4 (17. Nc3 $4 Rxc3) 17... Rcxb4 18. Rxb4 Rxb4 19. Nb2 {og svart kan bare
kose seg}) 17. Rf2 (17. Nc3 $4 Rxc3) 17... Bxh2+ (17... Rc4 18. b4 Rbxb4 19.
Nb2 Rc8 20. Re2 Be5 {er veldig ubehagelig for hvit}) 18. Kf1 Rc4 19. b3 $4 (19.
Nc3 $4 {med samme poeng som teksttrekket}) 19... Rxa4 {Resten er bare en
transportetappe} 20. g4 Bd6 21. Rfb2 Rab4 22. Bd2 R4b7 23. b4 Ke7 24. a4 Nd7
25. b5 Nc5 26. Bb4 (26. bxa6 Rxb2 27. Rxb2 Rxb2 28. a7 {kunne sett farlig ut,
men svart redder seg med det "rare" trekket} Rb8) 26... Nxa4 27. Bxd6+ Kxd6 28.
Rd2 e5 29. Rbd1 Rxb5 30. e4 d4 31. f4 f6 32. g5 Nc3 33. Re1 Rb1 0-1

[Event "Klubbmesterskapet 2019 (B)"]
[Site "Ås, Akershus NOR"]
[Date "2019.01.17"]
[Round "2"]
[White "Heien, Aksel"]
[Black "Rønbeck, Bjørn"]
[Result "0-1"]
[WhiteElo "1247"]
[BlackElo "1543"]
[PlyCount "64"]
[EventDate "2019.01.10"]

1. e4 e5 2. Nf3 Nc6 3. Bc4 Nf6 4. Ng5 d5 5. exd5 Na5 6. Bb5+ c6 7. dxc6 bxc6 8.
Qf3 Bd7 9. Ba4 Rc8 10. Nc3 Be7 11. Nge4 O-O 12. O-O Nd5 13. d3 Nb7 14. Be3 f5
15. Nxd5 cxd5 16. Bxd7 fxe4 17. Qh3 Rxc2 18. dxe4 d4 19. Qe6+ Kh8 20. Rfc1
Rxc1+ 21. Bxc1 Nc5 22. Qxe5 Qxd7 23. f4 Nd3 24. Qd5 Qg4 25. Bd2 Nxf4 26. Bxf4
Qxf4 27. Qc4 Bd6 28. g3 Qe3+ 29. Kh1 Qxe4+ 30. Kg1 h6 31. Rd1 Qe3+ 32. Kh1 Qf3+
0-1

[Event "Klubbmesterskapet 2019 (B)"]
[Site "Ås, Akershus NOR"]
[Date "2019.01.17"]
[Round "2"]
[White "Simonsen, Steinar"]
[Black "Aamodt, Peder Marcus"]
[Result "0-1"]
[WhiteElo "1521"]
[BlackElo "1384"]
[Annotator "Aamodt, Peder Marcus"]
[PlyCount "58"]
[EventDate "2019.01.10"]

1. e4 c5 2. Nf3 Nc6 3. Bb5 g6 4. Bxc6 dxc6 5. O-O Bg7 6. c3 e5 7. Na3 Be6 8. c4
Qd3 9. Qc2 $2 (9. Re1 Bxc4 $4 10. Re3 {Taper offiser}) 9... Qxc2 10. Nxc2 Bxc4
11. Re1 Bd3 12. Na3 b5 13. Re3 c4 14. b3 Bh6 15. Re1 cxb3 16. Bb2 (16. Nxe5 {
Er bedre} Bg7 17. Bb2 (17. Nxd3 Bxa1) 17... Bxe5 18. Bxe5 f6 19. Bc3 b4 20.
Bxb4 b2 21. Rab1 Bxb1 22. Rxb1) 16... b4 17. Nb1 Bxb1 $2 (17... bxa2 18. Rxa2
f6 19. Nxe5 fxe5 20. Bxe5 Nf6 {var trekket jeg ikke så}) 18. Rexb1 bxa2 19.
Rxa2 Bg7 20. Nxe5 Ne7 21. Nxg6 Nxg6 22. Bxg7 Rg8 23. Bd4 Nf4 24. d3 $2 {ikke
så bra} (24. Rxa7 {burde være bra for hvit}) 24... Nxd3 25. Rxa7 $2 Rxa7 $1 {
med å prøve å fange løperen} 26. Bxa7 c5 27. Ra1 b3 28. Bxc5 b2 (28... Nxc5 {
vinner også} 29. Ra8+ Kd7 30. Rxg8 Kc7 $1) 29. Ra8+ $4 Kd7 0-1

[Event "Klubbmesterskapet 2019 (B)"]
[Site "Ås, Akershus NOR"]
[Date "2019.01.17"]
[Round "2"]
[White "Samset, Jon"]
[Black "Petersen, Rune J"]
[Result "1-0"]
[WhiteElo "1410"]
[BlackElo "1199"]
[PlyCount "101"]
[EventDate "2019.01.10"]

1. e4 e6 2. d4 d5 3. e5 Bb4+ 4. Nc3 Bxc3+ 5. bxc3 Nc6 6. Nf3 Nge7 7. Bg5 h6 8.
Bxe7 Qxe7 9. a4 a6 10. Bd3 Bd7 11. O-O O-O 12. h4 f6 13. Bg6 fxe5 14. dxe5 Be8
15. h5 Bxg6 16. hxg6 Rf5 17. Re1 Raf8 18. Re2 Qe8 19. Qd3 Qxg6 20. Nh4 Qg5 21.
Nxf5 Rxf5 22. Qg3 Qxg3 23. fxg3 Kf7 24. Rf1 Rxf1+ 25. Kxf1 Kg6 26. Kf2 Kf5 27.
Re1 Nxe5 28. Rb1 b6 29. Rd1 Ng4+ 30. Ke2 e5 31. Rxd5 Nf6 32. Rd8 g5 33. c4 Ne4
34. Rf8+ Kg4 35. Ke3 Nxg3 36. c5 bxc5 37. Rc8 h5 38. Rxc7 Nf5+ 39. Kf2 e4 40.
Rxc5 e3+ 41. Ke1 Nd4 42. Rc4 Kg3 43. Rxd4 h4 44. Rd5 Kxg2 45. Rxg5+ Kf3 46. a5
h3 47. Rh5 Kg3 48. Ke2 h2 49. Rxh2 Kxh2 50. Kxe3 Kg2 51. c4 1-0

[Event "Klubbmesterskapet 2019 (B)"]
[Site "Ås, Akershus NOR"]
[Date "2019.01.17"]
[Round "2"]
[White "Røst, Stian"]
[Black "Selboe, Øyvind W"]
[Result "0-1"]
[WhiteElo "1283"]
[BlackElo "1493"]
[PlyCount "86"]
[EventDate "2019.01.10"]

1. e4 c5 2. Nf3 d6 3. c3 Nc6 4. d4 cxd4 5. cxd4 e6 6. Nc3 Be7 7. Bb5 a6 8. Ba4
b5 9. Bb3 Na5 10. Bc2 Nf6 11. O-O h6 12. Ne2 Bb7 13. Ng3 Rc8 14. Be3 Nc4 15. b3
Nxe3 16. fxe3 Ng4 17. Re1 Rc3 18. Qd2 Qc7 19. Rac1 O-O 20. h3 Rc8 21. hxg4 Rxc2
22. Rxc2 Qxc2 23. Re2 Bxe4 24. Nxe4 Qxe4 25. Nh2 Bh4 26. Qd1 Rc3 27. Qd2 Qb1+
28. Nf1 Rc1 29. Rf2 Bxf2+ 30. Qxf2 Rc2 31. Qf4 Qxa2 32. Qe4 d5 33. Qf3 Qxb3 34.
Ng3 Rc3 35. Kf2 Qc2+ 36. Ne2 a5 37. Kg3 Rc8 38. Nf4 Qe4 39. Qe2 Rc3 40. Kf2 Rc2
41. g3 Rxe2+ 42. Kxe2 Qc2+ 43. Kf3 b4 0-1

[Event "Klubbmesterskapet 2019 (B)"]
[Site "Ås, Akershus NOR"]
[Date "2019.01.17"]
[Round "2"]
[White "Yazdankhah, Siamak"]
[Black "Stensland, Martin"]
[Result "0-1"]
[WhiteElo "1341"]
[BlackElo "1225"]
[PlyCount "64"]
[EventDate "2019.01.10"]

1. e4 Nc6 2. Bb5 a6 3. Bxc6 bxc6 4. d4 Nf6 5. Nc3 e6 6. a3 Be7 7. Nf3 d6 8. e5
Nd5 9. Bd2 O-O 10. O-O h6 11. Ne4 f5 12. exf6 Nxf6 13. Nxf6+ Rxf6 14. h3 Bb7
15. Bc3 Rf5 16. Re1 c5 17. Re3 Bd5 18. Nh2 h5 19. dxc5 dxc5 20. Be5 Rg5 21. Nf3
Rg6 22. Qd3 Qe8 23. c4 Bc6 24. Bxc7 Bf6 25. Rae1 Bxf3 26. Rxf3 Rg5 27. Rfe3 Qc6
28. Rg3 Qxc7 29. Rxg5 Bxg5 30. Rxe6 Rd8 31. Qc2 Rd2 32. Re8+ Kf7 0-1